| 000 | 00522nam a2200181Ia 4500 | ||
|---|---|---|---|
| 008 | 090124s9999 xx 000 0 und d | ||
| 082 | _b21115 | ||
| 100 | _aलोणकर बी. एम. | ||
| 245 | _a इंद्राणी | ||
| 250 | _a1 | ||
| 260 |
_bविमलाबाई लोणकर _c1984 |
||
| 300 | _a144 | ||
| 600 | _aलोणकर बी. एम. | ||
| 630 | _a इंद्राणी | ||
| 700 | _aलोणकर बी. एम. | ||
| 730 | _a इंद्राणी | ||
| 942 | _cBOOK | ||
| 999 |
_c91187 _d91187 |
||